[Event "37th Taminco Open 2014"]
[Site "Ghent BEL"]
[Date "2014.07.22"]
[Round "7.10"]
[White "Lacrosse, Marc"]
[Black "Decoster, Frederic"]
[Result "1/2-1/2"]
[WhiteTitle "FM"]
[BlackTitle "FM"]
[WhiteElo "2174"]
[BlackElo "2298"]
[WhiteFideId "200921"]
[BlackFideId "204269"]
[EventDate "2014.07.19"]

1. d4 Nf6 2. c4 g6 3. Nc3 Bg7 4. e4 d6 5. Be2 O-O 6. Be3 Nbd7 7. Nf3 e5 8. O-O
Re8 9. d5 Nh5 10. g3 Bf8 11. Ne1 Ng7 12. Nd3 f5 13. f3 Be7 14. Qd2 Nf6 15. c5
fxe4 16. fxe4 Bh3 17. Rf3 Bg4 18. Rf2 Bd7 19. Rc1 Rf8 20. b4 a6 21. a4 h5 22.
Nxe5 Nxe4 23. Rxf8+ Bxf8 24. Nxe4 dxe5 25. c6 bxc6 26. dxc6 Be6 27. Qxd8 Rxd8
28. Nc5 Bxc5 29. Rxc5 Bc8 30. Rxe5 Re8 31. Rxe8+ Nxe8 32. Bc4+ Kg7 33. Bd4+ Kf8
34. Bc5+ Kg7 35. Kf2 Kf6 36. Ke3 g5 37. Kd4 Ng7 38. Ke4 Ne6 1/2-1/2

[Event "37th Taminco Open 2014"]
[Site "Ghent BEL"]
[Date "2014.07.22"]
[Round "7.11"]
[White "Sarrau, Jelle"]
[Black "Verhaeren, Gertjan"]
[Result "1/2-1/2"]
[WhiteTitle "FM"]
[WhiteElo "2325"]
[BlackElo "2081"]
[WhiteFideId "207608"]
[BlackFideId "263982"]
[EventDate "2014.07.19"]

1. d4 Nf6 2. c4 e6 3. Nc3 Bb4 4. e3 c5 5. Ne2 d5 6. a3 Bxc3+ 7. Nxc3 cxd4 8.
exd4 O-O 9. c5 b6 10. b4 bxc5 11. dxc5 Nc6 12. Bb2 e5 13. Be2 d4 14. Nb5 a5 15.
Qb3 axb4 16. axb4 Rxa1+ 17. Bxa1 Qd5 1/2-1/2

[Event "37th Taminco Open 2014"]
[Site "Ghent BEL"]
[Date "2014.07.22"]
[Round "7.12"]
[White "Roos, David"]
[Black "Szeberenyi, Adam"]
[Result "0-1"]
[BlackTitle "IM"]
[WhiteElo "2097"]
[BlackElo "2316"]
[WhiteFideId "210064"]
[BlackFideId "710466"]
[EventDate "2014.07.19"]

1. e4 c5 2. Nf3 e6 3. d4 cxd4 4. Nxd4 a6 5. c4 Nf6 6. Nc3 Bb4 7. Bd3 Nc6 8. Nxc6
dxc6 9. O-O e5 10. h3 O-O 11. Ne2 Be6 12. Qc2 Bc5 13. Rb1 a5 14. Bg5 h6 15. Bh4
g5 16. Bg3 Nd7 17. a3 Be7 18. Nc3 f6 19. Be2 Bf7 20. Bg4 Nc5 21. b4 axb4 22.
axb4 Ne6 23. Bxe6 Bxe6 24. c5 Qd4 25. Rfc1 Rfd8 26. Qe2 Ra3 27. b5 Rxc3 28. Rxc3
Qxc3 29. bxc6 bxc6 30. Qh5 Bf7 31. Qxh6 Qxc5 32. h4 g4 33. Rc1 Qd6 34. Kh2 c5 0-1

[Event "37th Taminco Open 2014"]
[Site "Ghent BEL"]
[Date "2014.07.22"]
[Round "7.13"]
[White "Schoffelmeer, Frans"]
[Black "Sadkowski, Daniel"]
[Result "1/2-1/2"]
[BlackTitle "FM"]
[WhiteElo "2088"]
[BlackElo "2248"]
[WhiteFideId "1007653"]
[BlackFideId "200255"]
[EventDate "2014.07.19"]

1. e4 e5 2. Nf3 Nf6 3. d4 Nxe4 4. Bd3 d5 5. Nxe5 Nd7 6. O-O Nxe5 7. dxe5 Nc5 8.
Nc3 c6 9. f4 f5 10. exf6 Qxf6 11. f5 Be7 12. Qh5+ Qf7 13. Qf3 Bd7 14. b4 Nxd3
15. Qxd3 O-O 16. g4 Bxb4 17. Rb1 Bc5+ 18. Be3 Bxe3+ 19. Qxe3 b6 20. Ne2 Rae8 21.
Qf3 Qe7 22. Ng3 Qe3+ 23. Kg2 Qxf3+ 24. Rxf3 c5 25. Ra3 Ra8 26. Rf1 d4 27. Kf3
Rf7 28. Kf4 Bc6 29. Re1 Re8 30. Rxe8+ Bxe8 31. Ne4 Rd7 32. Nd2 Bf7 33. Nf3 a5
34. Ne5 Rd6 35. g5 Bd5 36. h4 Kf8 37. h5 Ke7 38. Ng4 Bc4 39. Ne5 d3 40. cxd3
Rd4+ 41. Ke3 Bd5 42. f6+ gxf6 43. gxf6+ Kxf6 44. Nd7+ Ke6 45. Nxb6 Rh4 46. Nxd5
Kxd5 47. Rxa5 Rxh5 48. Ra7 Rh3+ 49. Kd2 h5 50. a4 h4 51. a5 Rh2+ 52. Ke3 Ra2 53.
Rh7 Ra4 54. a6 Rxa6 1/2-1/2

[Event "37th Taminco Open 2014"]
[Site "Ghent BEL"]
[Date "2014.07.22"]
[Round "7.14"]
[White "Stam, Hans"]
[Black "Hamblok, Roel"]
[Result "1-0"]
[BlackTitle "FM"]
[WhiteElo "1928"]
[BlackElo "2271"]
[WhiteFideId "1043838"]
[BlackFideId "209317"]
[EventDate "2014.07.19"]

1. e4 c6 2. d4 d5 3. Nc3 dxe4 4. Nxe4 Bf5 5. Ng3 Bg6 6. Nf3 Nd7 7. h4 h6 8. h5
Bh7 9. Bd3 Bxd3 10. Qxd3 e6 11. Bf4 Qa5+ 12. Bd2 Bb4 13. c3 Be7 14. c4 Qc7 15.
O-O-O Ngf6 16. Bc3 O-O 17. Qe2 b5 18. Kb1 bxc4 19. Ne5 Rab8 20. Nxc4 Nd5 21. Ka1
Rb5 22. Ne4 Rfb8 23. Rc1 N7b6 24. Ba5 Bb4 25. Bxb6 Nxb6 26. Ne5 Rxe5 27. dxe5
Qxe5 28. Rxc6 Na4 29. Rhc1 Ba3 30. Rc8+ Rxc8 31. Rxc8+ Kh7 32. Ng5+ Qxg5 33.
Qd3+ f5 34. Qxa3 Qxh5 35. Qe3 Qh1+ 36. Rc1 Qxg2 37. Qxa7 Qe4 38. Rg1 Qe5 39.
Qxa4 1-0

[Event "37th Taminco Open 2014"]
[Site "Ghent BEL"]
[Date "2014.07.22"]
[Round "7.15"]
[White "Huhndorf, Arnold"]
[Black "Verbaken, Onno"]
[Result "0-1"]
[WhiteTitle "FM"]
[WhiteElo "2273"]
[BlackElo "2068"]
[WhiteFideId "4665031"]
[BlackFideId "1026925"]
[EventDate "2014.07.19"]

1. d4 d5 2. c4 e6 3. Nc3 Nf6 4. cxd5 exd5 5. Bg5 c6 6. e3 Be7 7. Bd3 Be6 8. Qc2
Nbd7 9. Nf3 Rc8 10. O-O O-O 11. Rab1 h6 12. Bxf6 Bxf6 13. b4 b6 14. Rfc1 c5 15.
Ba6 Rc6 16. Qa4 cxd4 17. Qxc6 dxc3 18. Bd3 Qb8 19. Nd4 Rc8 20. Qb5 Bxd4 21. exd4
Qf4 22. Qa6 Nf6 23. g3 Qxd4 24. Bc2 Ne4 25. Bxe4 Qxe4 26. Re1 c2 27. Rbc1 Qc4
28. Qxc4 Rxc4 29. Re2 Bf5 30. a3 Kf8 31. f3 d4 32. Kf2 d3 33. Rd2 Rc3 34. g4 Bh7
35. Ke3 f5 36. Kd4 Rc7 37. Rxd3 fxg4 38. Rc3 Rd7+ 39. Ke3 gxf3 40. Kxf3 Rd1 41.
R1xc2 Bxc2 42. Rxc2 Rd3+ 43. Kg4 Rxa3 44. Rc8+ Kf7 45. Kf5 Rf3+ 46. Ke5 Kg6 47.
Rc7 Rb3 48. Rc6+ Kg5 49. Rc4 a5 50. bxa5 Rb5+ 51. Kd6 bxa5 52. h4+ Kh5 53. Ke6
g5 54. hxg5 hxg5 55. Kf6 g4 56. Rd4 Kh4 57. Kg6 Kh3 0-1

[Event "37th Taminco Open 2014"]
[Site "Ghent BEL"]
[Date "2014.07.22"]
[Round "7.16"]
[White "Lammens, Tim"]
[Black "Maddens, Martijn"]
[Result "1-0"]
[WhiteTitle "FM"]
[WhiteElo "2307"]
[BlackElo "2015"]
[WhiteFideId "1008803"]
[BlackFideId "206962"]
[EventDate "2014.07.19"]

1. Nf3 d5 2. g3 g6 3. c4 d4 4. d3 Bg7 5. Bg2 Nc6 6. O-O Nf6 7. e3 O-O 8. Re1 e5
9. exd4 exd4 10. Na3 Bf5 11. Nc2 a5 12. b3 Nd7 13. Nh4 Be6 14. f4 Re8 15. Ba3 g5
16. fxg5 Qxg5 17. Bc1 Qc5 18. Bf4 Qb6 19. Qd2 Nce5 20. Be4 Ng6 21. Nf5 Nxf4 22.
Qxf4 Bxf5 23. Qxf5 Nf6 24. Bg2 c6 25. c5 Rxe1+ 26. Rxe1 Qd8 27. Na3 Qd7 28. Qg5
h6 29. Qd2 Qf5 30. Nc4 Qxc5 31. Re5 Qb4 32. Rxa5 Qf8 33. b4 Ng4 34. h3 Ne3 35.
Nxe3 Rxa5 36. bxa5 dxe3 37. Qxe3 Qd8 38. Qd2 Qd4+ 39. Kh2 Qc3 40. Qf4 Qe5 41.
Qb4 Qc7 42. a4 Be5 43. Qg4+ Kh8 44. Qh4 Kg8 45. Qg4+ Kh8 46. d4 f5 47. Qg6 Bxd4
48. Qxh6+ Kg8 49. Qg6+ Qg7 50. Qxf5 Be5 51. Qe6+ Kh8 52. Qe8+ Kh7 53. Be4+ Kh6
54. Qe6+ Qf6 55. Qxf6+ Bxf6 56. a6 bxa6 57. Bxc6 a5 58. h4 Kg7 59. Kh3 Kh6 60.
g4 Kg6 61. g5 Bxg5 62. hxg5 Kxg5 63. Kg3 Kf6 64. Kf4 Ke6 65. Ke4 Kd6 66. Bb5 Kc5
67. Ke5 Kb6 68. Kd6 Ka7 1-0

[Event "37th Taminco Open 2014"]
[Site "Ghent BEL"]
[Date "2014.07.22"]
[Round "8.1"]
[White "Czebe, Attila"]
[Black "Ernst, Thomas"]
[Result "1-0"]
[WhiteTitle "GM"]
[BlackTitle "GM"]
[WhiteElo "2439"]
[BlackElo "2364"]
[WhiteFideId "705268"]
[BlackFideId "1700065"]
[EventDate "2014.07.19"]

1. Nf3 c5 2. c4 Nc6 3. d4 cxd4 4. Nxd4 Nf6 5. Nc3 e6 6. g3 Qb6 7. Nb3 Ne5 8. e4
Bb4 9. Qe2 O-O 10. f4 Nc6 11. e5 Ne8 12. Bd2 f6 13. c5 Qd8 14. a3 Bxc3 15. Bxc3
fxe5 16. Bxe5 Nxe5 17. Qxe5 Qf6 18. Qxf6 Nxf6 19. Bg2 Rb8 20. Nd4 d6 21. cxd6
Rd8 22. O-O-O Rxd6 23. Nf3 Rxd1+ 24. Rxd1 Bd7 25. Ne5 Ba4 26. Rd4 Rc8+ 27. Kb1
Bc2+ 28. Ka2 b6 29. Nc6 Rc7 30. Rd8+ Kf7 31. Ra8 a5 32. b4 axb4 33. axb4 Nd5 34.
Bxd5 exd5 35. b5 Be4 36. Rd8 Ke6 37. Kb3 Rd7 38. Rb8 Kd6 39. Kc3 Kc7 40. Kd4 Bg2
41. Re8 Kd6 42. f5 Bh3 43. Re6+ Kc7 44. Ne5 Bxf5 45. Rc6+ Kb7 46. Nxd7 Bxd7 47.
Rd6 Bxb5 48. Re6 Bc4 49. Re7+ Kc6 50. Rxg7 b5 51. Rxh7 b4 52. Rh8 b3 53. Rb8 Bb5
54. Kc3 d4+ 55. Kxb3 Kd5 1-0

[Event "37th Taminco Open 2014"]
[Site "Ghent BEL"]
[Date "2014.07.22"]
[Round "8.2"]
[White "Hovhannisyan, Mher"]
[Black "Sadikhov, Ulvi"]
[Result "1/2-1/2"]
[WhiteTitle "IM"]
[WhiteElo "2513"]
[BlackElo "2335"]
[WhiteFideId "13300865"]
[BlackFideId "13401416"]
[EventDate "2014.07.19"]

1. e4 d6 2. d4 Nf6 3. f3 c5 4. c3 Qc7 5. Be3 g6 6. Qd2 Bg7 7. Bd3 O-O 8. Ne2 a6
9. O-O b6 10. a4 Nc6 11. b4 Nd7 12. Na3 Bb7 13. f4 cxb4 14. cxb4 a5 15. bxa5
Nxa5 16. Rab1 Rfc8 17. f5 Nf6 18. d5 Nd7 19. Qb4 Bc3 20. Nb5 Bxb4 21. Nxc7 Rxc7
22. Rxb4 Ne5 23. Bb5 Nac4 24. Rc1 Rac8 25. Bxc4 Rxc4 26. Rcxc4 Nxc4 27. Bxb6
gxf5 28. Bd4 Ba8 29. exf5 Bxd5 30. Nc3 Ba8 31. Nb5 Ne5 32. Bc3 Rc4 33. f6 Rxb4
34. Bxb4 exf6 35. Nxd6 Nd3 36. Bd2 Nc5 37. a5 Ne4 38. Nxe4 Bxe4 39. Bh6 f5 40.
a6 f6 41. Kf2 Kf7 42. g3 Ke6 43. Ke3 Bg2 44. Kd4 Bf1 45. a7 Bg2 46. Kc5 Ba8 47.
Bd2 Be4 48. Kb6 Kd7 49. Bc3 f4 50. gxf4 f5 51. Bg7 h5 52. Bf6 Kc8 53. Bd4 Kd7
54. Be3 Kc8 55. Bd2 Kd7 56. Be1 Kc8 57. Kc5 Kd7 58. Kd4 Ke6 59. Ke3 Ba8 60. Kf2
Kf7 1/2-1/2

[Event "37th Taminco Open 2014"]
[Site "Ghent BEL"]
[Date "2014.07.22"]
[Round "8.3"]
[White "Sriram, Jha"]
[Black "Bokros, Albert"]
[Result "1-0"]
[WhiteTitle "GM"]
[BlackTitle "IM"]
[WhiteElo "2375"]
[BlackElo "2485"]
[WhiteFideId "5001668"]
[BlackFideId "710458"]
[EventDate "2014.07.19"]

1. d4 e6 2. c4 b6 3. a3 Bb7 4. Nc3 Nf6 5. d5 d6 6. Nf3 g6 7. g3 Bg7 8. Bg2 O-O
9. O-O Qe7 10. Re1 c5 11. e4 e5 12. b4 Nbd7 13. Rb1 Nh5 14. Bg5 Bf6 15. Be3 Rfc8
16. Bf1 Ng7 17. Na4 Ne8 18. Qd3 Ba6 19. Rec1 Rc7 20. Nb2 Bg7 21. Nd2 Qf8 22. Bh3
Bh6 23. Nd1 Nef6 24. Nc3 cxb4 25. axb4 Rac8 26. Nd1 b5 27. c5 dxc5 28. Ra1 Bxe3
29. Qxe3 Qd6 30. bxc5 Rxc5 31. Rxc5 Rxc5 32. Qa3 Bc8 33. Qxa7 Nb6 34. Bf1 Rc2
35. Ra2 Rxa2 36. Qxa2 Qc5 37. Qb2 b4 38. Qxe5 Nfd7 39. Qb2 Na4 40. Qb3 Nc3 41.
Ne3 Qd4 42. Qc4 Qxd2 43. Qxc8+ Kg7 44. Qxd7 Nxe4 45. Ng4 b3 46. Qe7 b2 47. Qxe4
Qc1 48. Qe5+ Kf8 49. d6 1-0

[Event "37th Taminco Open 2014"]
[Site "Ghent BEL"]
[Date "2014.07.22"]
[Round "8.4"]
[White "Verbaken, Onno"]
[Black "Van Den Doel, Erik"]
[Result "0-1"]
[BlackTitle "GM"]
[WhiteElo "2068"]
[BlackElo "2547"]
[WhiteFideId "1026925"]
[BlackFideId "1003720"]
[EventDate "2014.07.19"]

1. e4 c5 2. Nf3 e6 3. b3 b6 4. Bb2 Bb7 5. Nc3 a6 6. Be2 Ne7 7. d4 cxd4 8. Qxd4
Ng6 9. O-O Nc6 10. Qd2 Qc7 11. Rad1 d6 12. Ng5 Be7 13. Bh5 O-O 14. Bxg6 hxg6 15.
Qf4 Qd8 16. h4 b5 17. Rd3 Rc8 18. Rfd1 Ne5 19. R3d2 Qc7 20. Ne2 Nd7 21. Ng3 e5
22. Qe3 b4 23. a3 a5 24. Nf3 Qc5 25. Qe2 bxa3 26. Ba1 Nf6 27. c4 a4 28. Rb1 axb3
29. Rxb3 Ba6 30. Qe3 Qxe3 31. Rxe3 Rxc4 32. Rxa3 Rc1+ 33. Kh2 Ng4+ 34. Kh3 Bc8
35. Ra8 Nxf2+ 36. Kh2 Ng4+ 37. Kh3 Be6 38. Rxf8+ Bxf8 39. Bb2 Rb1 40. Ba3 Rb3
41. Bc1 f5 0-1

[Event "37th Taminco Open 2014"]
[Site "Ghent BEL"]
[Date "2014.07.22"]
[Round "8.5"]
[White "Meijers, Viesturs"]
[Black "Stone, Andrew M"]
[Result "1-0"]
[WhiteTitle "GM"]
[WhiteElo "2475"]
[BlackElo "2204"]
[WhiteFideId "11600314"]
[BlackFideId "404985"]
[EventDate "2014.07.19"]

1. Nf3 Nf6 2. c4 c5 3. b3 b6 4. g3 g6 5. Bg2 Bb7 6. Bb2 Bg7 7. O-O O-O 8. Nc3 d6
9. d4 cxd4 10. Qxd4 Ne4 11. Qd3 Nxc3 12. Bxc3 Bxc3 13. Qxc3 Nd7 14. Ng5 Bxg2 15.
Kxg2 Nf6 16. Rfd1 Qc7 17. Qd3 Qc6+ 18. f3 Rad8 19. e4 Rd7 20. h4 e5 21. Nh3 Nh5
22. Rd2 Ng7 23. Nf2 f5 24. Rad1 Rfd8 25. h5 Rf7 26. hxg6 hxg6 27. Qd5 Qe8 28.
Rh1 Ne6 29. exf5 gxf5 30. Rh6 Re7 31. Rd1 Kg7 32. Rdh1 Qg8 33. R1h5 Rdd7 34. Nh3
Rd8 35. Ng5 Nf8 36. Qd3 f4 37. Qf5 1-0

[Event "37th Taminco Open 2014"]
[Site "Ghent BEL"]
[Date "2014.07.22"]
[Round "8.6"]
[White "Szeberenyi, Adam"]
[Black "Froeyman, Helmut"]
[Result "1/2-1/2"]
[WhiteTitle "IM"]
[BlackTitle "FM"]
[WhiteElo "2316"]
[BlackElo "2304"]
[WhiteFideId "710466"]
[BlackFideId "203602"]
[EventDate "2014.07.19"]

1. d4 f5 2. g3 Nf6 3. Bg2 e6 4. Nh3 d5 5. Nf4 Bd6 6. Nd3 O-O 7. Bf4 b6 8. Nd2
Bb7 9. O-O Bxf4 10. gxf4 Ne4 11. f3 Nxd2 12. Qxd2 Nd7 13. Ne5 Nxe5 14. fxe5 c5
15. c3 Rc8 16. e3 Qe7 17. Rf2 Kh8 18. Kh1 Qh4 19. f4 g5 20. fxg5 Rg8 21. Rf3
Qxg5 22. Rg3 Qh6 23. Qf2 Rxg3 24. Qxg3 Ba6 25. Rd1 cxd4 26. exd4 Be2 27. Re1 Rg8
28. Qf2 Bd3 29. Qe3 Qg6 30. Rg1 Bc2 31. Bf3 Qxg1+ 32. Qxg1 Rxg1+ 33. Kxg1 Bb1
34. a3 Kg7 35. Kf2 Bd3 36. Ke3 Bb5 37. Kf4 a5 38. b3 a4 39. bxa4 Bxa4 40. Be2
Bb3 41. Bb5 h6 42. h4 Kf7 43. Be2 Ke7 44. Bd3 Kf7 45. Ke3 Ke7 46. Bb5 Ba2 47.
Kd3 Bb1+ 48. Kd2 Ba2 49. Be2 Bc4 50. Bh5 b5 51. Bd1 Kf7 52. Bh5+ Ke7 53. Bg6 Bf1
54. Ke3 Bc4 55. Bh5 Bf1 56. Bd1 Bc4 57. Bc2 Kf7 58. Bd1 Ke7 59. Kf4 Kf7 60. Bc2
Ke7 61. Ke3 Kf7 62. a4 bxa4 63. Bxa4 Ke7 64. Bd1 Kf7 65. Bh5+ Ke7 66. Kf4 Bd3
67. Bd1 Bc4 68. Ba4 Kf7 69. Ke3 Ke7 70. Bd1 Kf7 71. Bh5+ Ke7 72. Bg6 Bb5 73. Kf4
Bc4 74. Bh5 Bb5 75. Bf3 Bc4 76. Bg2 Kf7 77. Bf3 Kg6 78. Kg3 Kf7 79. Bh5+ Ke7 80.
Bd1 Kf7 81. Ba4 Ke7 82. Bc6 Kf7 83. Kf4 Ke7 84. Ba4 Kf7 85. Bc2 Ke7 86. Bd1 Kf7
87. Bh5+ Ke7 88. Bg6 Bb5 89. Bh5 Bc4 90. Bd1 Kf7 91. Ba4 Ke7 92. Bc6 Kf7 93. Ba4
Ke7 94. Ke3 Kf7 95. Bd1 Kg6 96. Kd2 Kf7 97. Bh5+ Ke7 98. Bg6 Bb5 99. Bh5 Bc4
100. Bd1 1/2-1/2

[Event "37th Taminco Open 2014"]
[Site "Ghent BEL"]
[Date "2014.07.22"]
[Round "8.7"]
[White "Van Den Dikkenberg, Erik"]
[Black "Klundt, Klaus"]
[Result "0-1"]
[WhiteTitle "FM"]
[BlackTitle "IM"]
[WhiteElo "2179"]
[BlackElo "2314"]
[WhiteFideId "1005880"]
[BlackFideId "4600436"]
[EventDate "2014.07.19"]

1. e4 c5 2. Nc3 e6 3. f4 Nc6 4. Nf3 a6 5. d3 d5 6. Qe2 Nf6 7. g3 Be7 8. Bg2 b5
9. O-O b4 10. Nd1 O-O 11. Nf2 a5 12. e5 Ne8 13. Bd2 a4 14. c4 Nc7 15. g4 f5 16.
gxf5 Rxf5 17. Kh1 Bb7 18. Rg1 Qd7 19. Bh3 Rf7 20. Rg4 dxc4 21. Bg2 cxd3 22. Qxd3
Qxd3 23. Nxd3 Rd8 24. Nf2 Na5 25. Be1 Nc4 26. b3 Ne3 27. Rg3 Rxf4 28. Nh4 Nxg2
29. Nxg2 Bh4 30. Rd3 Rxd3 31. Nxd3 Rf1# 0-1

[Event "37th Taminco Open 2014"]
[Site "Ghent BEL"]
[Date "2014.07.22"]
[Round "8.8"]
[White "Van der Stricht, Geert"]
[Black "Stam, Hans"]
[Result "1-0"]
[WhiteTitle "IM"]
[WhiteElo "2350"]
[BlackElo "1928"]
[WhiteFideId "201324"]
[BlackFideId "1043838"]
[EventDate "2014.07.19"]

1. d4 Nf6 2. c4 g6 3. Nc3 Bg7 4. e4 d6 5. Be2 O-O 6. Nf3 e5 7. O-O Nc6 8. d5 Ne7
9. b4 Nh5 10. Re1 Nf4 11. Bf1 f5 12. Bxf4 exf4 13. e5 dxe5 14. Nxe5 g5 15. c5
Ng6 16. Nxg6 hxg6 17. Qb3 Kh8 18. Rad1 g4 19. d6 g3 20. Nb5 gxf2+ 21. Kxf2 Qh4+
22. Kg1 cxd6 23. Nxd6 Bd4+ 24. Kh1 Bd7 25. Nf7+ Kg7 26. Ng5 Qxg5 27. Rxd4 Bc6
28. b5 Rae8 29. Rxe8 Bxe8 30. Rd6 Bf7 31. Qc3+ Kg8 32. Rd7 Rd8 33. c6 bxc6 34.
bxc6 Be6 35. Qg7# 1-0

[Event "37th Taminco Open 2014"]
[Site "Ghent BEL"]
[Date "2014.07.22"]
[Round "8.9"]
[White "Decoster, Frederic"]
[Black "Barendse, Ted"]
[Result "1-0"]
[WhiteTitle "FM"]
[WhiteElo "2298"]
[BlackElo "2137"]
[WhiteFideId "204269"]
[BlackFideId "1006150"]
[EventDate "2014.07.19"]

1. e4 c5 2. Nf3 e6 3. d4 cxd4 4. Nxd4 Nc6 5. Nc3 Qc7 6. Be3 a6 7. Qd2 Nf6 8.
O-O-O Be7 9. f3 h5 10. Qf2 d6 11. h3 Nxd4 12. Bxd4 b5 13. Bd3 b4 14. Na4 Bb7 15.
g4 e5 16. Be3 Rb8 17. Bb6 Qc6 18. b3 Bc8 19. Ba7 Ra8 20. Be3 Be6 21. Nb6 Rb8 22.
g5 Nd7 23. Nd5 Bxd5 24. exd5 Qxd5 25. g6 f6 26. Kb1 Bd8 27. f4 Qc6 28. Bc4 Bb6
29. Rhe1 Ke7 30. Bd5 Bxe3 31. Qxe3 Qc5 32. Qf3 Rbc8 33. Re2 a5 34. fxe5 dxe5 35.
Qf5 Qb6 36. Bc4 Rhd8 37. Qxh5 Nc5 38. Rde1 Qc7 39. Rxe5+ fxe5 40. Rxe5+ 1-0

[Event "37th Taminco Open 2014"]
[Site "Ghent BEL"]
[Date "2014.07.22"]
[Round "8.10"]
[White "Lacrosse, Marc"]
[Black "Sarrau, Jelle"]
[Result "1-0"]
[WhiteTitle "FM"]
[BlackTitle "FM"]
[WhiteElo "2174"]
[BlackElo "2325"]
[WhiteFideId "200921"]
[BlackFideId "207608"]
[EventDate "2014.07.19"]

1. d4 Nf6 2. c4 g6 3. Nc3 Bg7 4. e4 d6 5. Be2 O-O 6. Nf3 e5 7. Be3 exd4 8. Nxd4
Re8 9. f3 c6 10. Qd2 d5 11. exd5 cxd5 12. O-O dxc4 13. Bxc4 Rxe3 14. Qxe3 Ng4
15. Bxf7+ Kh8 16. Ne6 Nxe3 17. Nxd8 Nxf1 18. Kxf1 Bf6 19. Rd1 Kg7 20. Bb3 Kf8
21. Ne6+ Bxe6 22. Bxe6 a6 23. f4 h6 24. g4 b5 25. Rd6 Ra7 26. Nd5 Be7 27. Rb6
Nd7 28. Bxd7 Rxd7 29. Nxe7 Kxe7 30. Ke2 Rd4 31. Ke3 Ra4 32. Rxg6 Rxa2 33. b4
Rxh2 34. Rxa6 h5 35. g5 h4 36. Ke4 Re2+ 37. Kf5 h3 38. Rh6 h2 39. g6 Rf2 40. Rh8
Rg2 41. Rh7+ Kf8 42. Kf6 Kg8 43. Rc7 1-0

[Event "37th Taminco Open 2014"]
[Site "Ghent BEL"]
[Date "2014.07.22"]
[Round "8.11"]
[White "Verhaeren, Gertjan"]
[Black "Lammens, Tim"]
[Result "0-1"]
[BlackTitle "FM"]
[WhiteElo "2081"]
[BlackElo "2307"]
[WhiteFideId "263982"]
[BlackFideId "1008803"]
[EventDate "2014.07.19"]

1. c4 g6 2. g3 Bg7 3. Bg2 d6 4. Nc3 Nf6 5. e4 O-O 6. Nge2 Nc6 7. O-O a6 8. d3 e5
9. h3 b5 10. Be3 Rb8 11. Qd2 Nd7 12. Rac1 Nd4 13. cxb5 axb5 14. Nd5 Nc5 15. Nxd4
exd4 16. Bh6 Bxh6 17. Qxh6 Bb7 18. Nf4 Nd7 19. Ne2 c5 20. f4 f6 21. h4 Qe7 22.
Bh3 Rbd8 23. h5 Qg7 24. Qxg7+ Kxg7 25. hxg6 hxg6 26. e5 fxe5 27. fxe5 Nxe5 28.
Nxd4 Bd5 29. Be6 Ba8 30. Rxf8 Rxf8 31. Nxb5 Nf3+ 0-1

[Event "37th Taminco Open 2014"]
[Site "Ghent BEL"]
[Date "2014.07.22"]
[Round "8.12"]
[White "Ghyselen, Wouter"]
[Black "Verstraeten, Rein"]
[Result "1/2-1/2"]
[BlackTitle "FM"]
[WhiteElo "2096"]
[BlackElo "2298"]
[WhiteFideId "210250"]
[BlackFideId "223654"]
[EventDate "2014.07.19"]

1. d4 Nf6 2. Bg5 c5 3. Nc3 e6 4. d5 d6 5. e4 a6 6. a4 Be7 7. Bf4 O-O 8. Be2 exd5
9. exd5 Bf5 10. Nf3 Ne4 11. Nxe4 Bxe4 12. O-O Bxf3 13. Bxf3 Bg5 14. Qd2 h6 15.
Ra3 Nd7 16. h4 Bxf4 17. Qxf4 Ne5 18. Rb3 Rb8 19. h5 b5 20. axb5 axb5 21. Be4 f5
22. Bxf5 Kh8 23. g4 1/2-1/2

[Event "37th Taminco Open 2014"]
[Site "Ghent BEL"]
[Date "2014.07.22"]
[Round "8.13"]
[White "Sadkowski, Daniel"]
[Black "Stuer, Marc"]
[Result "1-0"]
[WhiteTitle "FM"]
[WhiteElo "2248"]
[BlackElo "2100"]
[WhiteFideId "200255"]
[BlackFideId "203700"]
[EventDate "2014.07.19"]

1. c4 f5 2. g3 Nf6 3. Bg2 g6 4. Nc3 Bg7 5. d3 d6 6. e4 Nc6 7. Nge2 O-O 8. O-O e5
9. h3 Be6 10. exf5 gxf5 11. f4 Qd7 12. Rb1 a5 13. a3 Qf7 14. b3 Rae8 15. Be3 Nh5
16. Nd5 Nd4 17. Nxd4 exd4 18. Bf2 c6 19. Nb6 Bf6 20. b4 axb4 21. axb4 Ng7 22. b5
Qc7 23. bxc6 bxc6 24. Qa4 Bf7 25. Qxc6 Qd8 26. Nd7 Ne6 27. Nxf8 Kxf8 28. Bd5 Nc5
29. Bxf7 Kxf7 30. Qd5+ Kg6 31. g4 Qd7 32. Rb6 Nxd3 33. Rxd6 1-0

[Event "37th Taminco Open 2014"]
[Site "Ghent BEL"]
[Date "2014.07.22"]
[Round "8.14"]
[White "Willemsma, Abe"]
[Black "Montes Gutierrez, Ignacio"]
[Result "1-0"]
[WhiteElo "2077"]
[BlackElo "2288"]
[WhiteFideId "1011561"]
[BlackFideId "2257513"]
[EventDate "2014.07.19"]

1. e4 c5 2. Nf3 Nc6 3. d4 cxd4 4. Nxd4 Nf6 5. Nc3 d6 6. Bg5 e6 7. f4 a6 8. Qd2
Bd7 9. O-O-O b5 10. Nxc6 Bxc6 11. Bd3 b4 12. Ne2 Qa5 13. Bxf6 Qxa2 14. Qxb4 gxf6
15. Nc3 a5 16. Qb6 1-0

[Event "37th Taminco Open 2014"]
[Site "Ghent BEL"]
[Date "2014.07.22"]
[Round "8.15"]
[White "Jamrich, Gyorgy"]
[Black "Boons, Patrick"]
[Result "0-1"]
[WhiteTitle "FM"]
[WhiteElo "2284"]
[BlackElo "2029"]
[WhiteFideId "706124"]
[BlackFideId "205249"]
[EventDate "2014.07.19"]

1. e4 d6 2. d4 Nf6 3. Nc3 c6 4. Bg5 Nbd7 5. f4 Qa5 6. Qd2 e5 7. Nf3 Be7 8. Bd3
exd4 9. Nxd4 Nc5 10. O-O-O h6 11. Bh4 Qb4 12. Nf3 Bg4 13. e5 Nxd3+ 14. cxd3 Bxf3
15. gxf3 dxe5 16. Rhe1 Qxf4 17. Qxf4 exf4 18. Bxf6 gxf6 19. Re4 Kd7 20. Rxf4
Rhg8 21. Ne4 Rg6 22. Rd2 f5 23. Rxf5 Ke6 24. Rh5 f5 25. Ng3 Bg5 26. Nxf5 Bxd2+
27. Kxd2 Rg5 28. Nd4+ Kd5 29. Rh4 Rf8 30. Kc3 c5 31. Nb5 a6 32. Na3 Rxf3 33.
Rxh6 b5 34. Nc2 b4+ 35. Kb3 Rxd3+ 36. Ka4 Rd2 37. Ne3+ Kd4 38. h4 Rxb2 39. hxg5
Rxa2+ 40. Kb3 Ra3+ 41. Kb2 Rxe3 42. Rh4+ Ke5 43. Rg4 Kf5 44. Rg1 Kg6 45. Ra1
Kxg5 46. Rxa6 Kf5 47. Ra8 Ke4 48. Rd8 Rd3 49. Rh8 Kd5 50. Rh4 Rd4 51. Rh5+ Kc4
52. Rh2 b3 53. Ka3 Kc3 54. Rh3+ Rd3 55. Rh2 c4 56. Rg2 Rd2 57. Rg3+ Kc2 58. Rg4
c3 59. Rb4 b2 60. Ka2 Rd1 0-1